Quizzes
Events
Quiz Creation
Community
Videos
Private Events
Remove Ads
Sign In
Join for FREE
Feedback
Dark Mode
Quiz Categories
Sports
Geography
Music
Movies
Television
Just For Fun
Miscellaneous
History
Literature
Language
Science
Gaming
Entertainment
Religion
Holiday
For Kids
Quiz Lab
Recent
Popular Today
Quiz Kudos Today
Editor Picks
Curator Picks
Quizzes by...
Day
Popularity
Type
Ratings
Length
Year
Community
Subscriptions
Recent Discussions
Orange Saloon
Badges
Playlists
Quests
Create
Leaderboards
Showdown
Live 5
Trivia Bingo
Activity
Puzzle Library
Sporcle Events
Private Events
Virtual Trivia
Globe League
Become a Host
Pub Owners
SporcleCon
Opinionation
Our Games
Videos
Blog
Mobile Apps
Partnerships
Remove Ads and Go Orange
Feedback
Geography
Country
Landmarks
City
State
Population
World
Capital
Continent
Flags
Europe
Africa
Asia
South America
North America
Oceania
Border
Canada
United Kingdom
Topography
United States
Geography
Country
Landmarks
City
State
Population
World
Capital
Continent
Flags
Europe
Africa
Asia
South America
North America
Oceania
Border
Canada
United Kingdom
Topography
United States
Random Quiz
Search Sporcle
×
Quiz Lab
Quiz Lab
Geography
Iowa
Type in answers that appear in a list
Type in answers that appear in a list
Classic
Best Score? Go Orange.
Counties of Iowa Stats
Can you name the Counties of Iowa?
By
ajaxhami
8m
99 Questions
100 Plays
100 Plays
100 Plays
Comments
Comments
Give Quiz Kudos
Give Quiz Kudos
-
- Ratings
hide this ad
Replay
Link that replays current quiz
Next Quiz
Link to next quiz in quiz playlist
You Got
0%
They Got
Avg Score
47%
Avg Friend Score
Upgrade to see
Score Distribution
Jump to the score distribution portion of the page
Score
0/99
Timer
08:00
0
Plays Today
County
% Correct
Polk
83%
Des Moines
79%
Washington
77%
Johnson
76%
Sioux
75%
Madison
71%
Jefferson
71%
Cedar
69%
Black Hawk
63%
Jackson
63%
Dubuque
62%
Clinton
62%
Linn
61%
Adams
61%
Story
59%
Iowa
59%
Monroe
59%
Clay
56%
Boone
56%
Jones
55%
Marion
55%
Cerro Gordo
54%
Lee
54%
Dallas
53%
Jasper
53%
Marshall
52%
Tama
52%
Scott
52%
Allamakee
51%
Woodbury
51%
Sac
51%
Taylor
51%
Hardin
50%
County
% Correct
Grundy
50%
Carroll
50%
Harrison
50%
Keokuk
50%
Franklin
49%
Greene
49%
Adair
49%
Webster
48%
Cass
47%
Warren
47%
Lyon
46%
Fayette
46%
Hamilton
46%
Bremer
46%
Mahaska
46%
Davis
46%
Kossuth
45%
Palo Alto
45%
Clayton
45%
Ida
45%
Pottawattamie
45%
Van Buren
45%
Poweshiek
44%
Worth
43%
Winneshiek
43%
Pocahontas
43%
Muscatine
43%
Butler
42%
Buchanan
42%
Henry
42%
Buena Vista
41%
Montgomery
41%
Wayne
41%
County
% Correct
Floyd
40%
Benton
40%
Shelby
40%
Emmet
39%
Winnebago
39%
Plymouth
39%
Wright
39%
Monona
39%
Mills
39%
Fremont
39%
Osceola
38%
Hancock
38%
Louisa
38%
Union
38%
Appanoose
38%
Mitchell
37%
O'Brien
37%
Cherokee
37%
Delaware
37%
Wapello
37%
Dickinson
36%
Howard
36%
Humboldt
36%
Crawford
36%
Guthrie
36%
Page
36%
Chickasaw
35%
Lucas
35%
Decatur
35%
Calhoun
34%
Ringgold
34%
Audubon
33%
Clarke
32%
Quiz Playlist
Details
Report
Send in Message
Add To Playlist
Classic:
Type in answers that appear in a list
Quiz Source
Last Updated: Feb 16, 2017
Quiz Scoreboard
CHALLENGE
Sign Up to Join the Scoreboard
Show All
Scores
Hide
Comments
May contain spoilers
Recently Published
NBA Finals Game Top Scorers (2010s)
by flibbidy
Sports
5m
Guess the 'R' Things in 3 Words
by MSUKent
Miscellaneous
3m
Actor to Badly Drawn Movie III
by MoMosMoProblems
Movies
5m
More to Explore
Quiz From the Vault
Featured Blog Post
Where Does Lost Luggage Go?
hide this ad
You Might Also Like...
Tags
counties
Iowa
Today's Top Quizzes in Geography
Browse Geography
hide this ad
Today's Top Quizzes in Iowa
Browse Iowa
Top Contributed Quizzes in Geography
1
Countries of the World - No Outlines Minefield
2
Find the Landmarks A-Z
3
Lietuvos savivaldybės (Lithuanian Municipalities)
4
Blind Ultimate Minefield: World
5
Ultimate Geography Challenge 'A'
6
Find the US States - No Outlines
7
3, 2, 1 or 0: Land Borders
8
Complete the Map Snippet (Minefield) IX
9
Complete the Map Snippet (Minefield) X
10
Nickname Match: U.S. States
Explore More
Trending Topics
NBA
Marvel
Anime
Disney
Harry Potter
Kpop
Crossword
WWE
NFL
Soccer
Song
Puzzle
The Office
Country
Pokémon
hide this ad
More By:
ajaxhami
Quiz
Plays
Rating
Category
Featured
Created
Counties of Iowa
100
2.50
Geography
Nov 13, 2009
Name These Numbers
25
2.50
Miscellaneous
Jun 9, 2011
Go to Creator's Profile
Score Distribution
Quiz Creator Spotlight
ajaxhami
Follow
Send a Message
Quizzes Created
-
Created Quiz Play Count
-
More By This Creator
Popular Quizzes Today
1
Find the US States - No Outlines Minefield
2
Find the US States
3
The Countries of the World
4
10 Largest US States in Order
5
Find the Countries of Europe - No Outlines Minefield
6
US States
7
Guess the 'R' Things in 3 Words
8
NBA Finals Game Top Scorers (2010s)
More Geography Quizzes
Most Densely Populated Large US Cities
Published
Trending Quizzes
First Name TV: Leading Men
First Name TV: Leading Women Drama
Match the Book to the Film II
3-Word Movies in 1 Word II
Match the Book to the Film VI
Recently Updated
Women's Final Four Teams by Year
bhenderson79
Presidents Quartet II
eogle
Anything But Clue(do)
eogle
Anything But Oceanian Capitals
eogle
Anything But 7
eogle
Anything But Thing
eogle
Word Ladder: February 29
pecheneg
Song Title Questions
pecheneg
Women's NCAA Tournament #1 Seeds
pecheneg
Celebrity Mug Shots
pecheneg
Trending Topics
Crossword
Harry Potter
Marvel
NBA
Kpop
Anime
Disney
Country
Song
WWE
Pokémon
Soccer
Puzzle
NFL
The Office
Your Account Isn't Verified!
In order to create a playlist on Sporcle, you need to verify the email address you used during registration. Go to your
Sporcle Settings
to finish the process.
Report this User
Report this user for behavior that violates our
Community Guidelines
.
Details:
Send Report
Go to the Sporcle.com Mobile Site →
Comments